<?xml version="1.0" encoding="UTF-8"?>
<record
    xmlns:xsi="http://www.w3.org/2001/XMLSchema-instance"
    xsi:schemaLocation="http://www.loc.gov/MARC21/slim http://www.loc.gov/standards/marcxml/schema/MARC21slim.xsd"
    xmlns="http://www.loc.gov/MARC21/slim">

  <leader>01324nam a2200241 a 4500</leader>
  <controlfield tag="001">000029049</controlfield>
  <controlfield tag="003">DO-SdBPM</controlfield>
  <controlfield tag="005">20260422132806.0</controlfield>
  <controlfield tag="008">110413s19982000dr      r     001 0 spa d</controlfield>
  <datafield tag="040" ind1=" " ind2=" ">
    <subfield code="a">DO-SdBPM</subfield>
    <subfield code="b">spa</subfield>
    <subfield code="c">BPMSU</subfield>
  </datafield>
  <datafield tag="082" ind1=" " ind2="4">
    <subfield code="a">348.729302</subfield>
    <subfield code="b">R426c 1998</subfield>
    <subfield code="2">22</subfield>
  </datafield>
  <datafield tag="110" ind1="2" ind2=" ">
    <subfield code="a">Rep&#xFA;blica Dominicana.</subfield>
    <subfield code="b">Suprema Corte de Justicia</subfield>
  </datafield>
  <datafield tag="245" ind1="1" ind2="0">
    <subfield code="a">Colecci&#xF3;n judicial: </subfield>
    <subfield code="b">serie "B" Legislaci&#xF3;n </subfield>
  </datafield>
  <datafield tag="260" ind1=" " ind2=" ">
    <subfield code="a">Santo Domingo :</subfield>
    <subfield code="b">Suprema Corte de Justicia,</subfield>
    <subfield code="c">1998-2000.</subfield>
  </datafield>
  <datafield tag="300" ind1=" " ind2=" ">
    <subfield code="a">v. ;</subfield>
    <subfield code="c">22 cm.</subfield>
  </datafield>
  <datafield tag="490" ind1="0" ind2=" ">
    <subfield code="a">Judicial</subfield>
    <subfield code="a">Serie "B" legislativa</subfield>
  </datafield>
  <datafield tag="505" ind1="0" ind2=" ">
    <subfield code="g">v. 1.</subfield>
    <subfield code="t">Leyes diversas de inter&#xE9;s general 1994-1998 --</subfield>
    <subfield code="g">v. 2.</subfield>
    <subfield code="t">Constituci&#xF3;n de la Rep&#xFA;blica y leyes diversas de inter&#xE9;s general --</subfield>
    <subfield code="g">v.3.</subfield>
    <subfield code="t">Legislaci&#xF3;n sobre : procedimiento de casaci&#xF3;n no.3726 ;</subfield>
    <subfield code="t">Divorcio no.1306-bis ;</subfield>
    <subfield code="t">Control de alquileres de casas y desahucios, decreto no.4807 ;</subfield>
    <subfield code="t">Fomento agr&#xED;cola no. 6186 ;</subfield>
    <subfield code="t">Viajes ilegales no. 344-98 ;</subfield>
    <subfield code="t">Reclusi&#xF3;n mayor y reclusi&#xF3;n menor no. 46-99 --</subfield>
    <subfield code="g">v. 4.</subfield>
    <subfield code="t">Ley de carrera judicial no. 327-98 ;</subfield>
    <subfield code="t">Ley general de reforma de la empresa p&#xFA;blica no.141-97 ;</subfield>
    <subfield code="t">Leyes no. 374-98, 86-99, 80-99 y 114-99.</subfield>
  </datafield>
  <datafield tag="590" ind1=" " ind2=" ">
    <subfield code="a">Inventariado, 2025/VM</subfield>
  </datafield>
  <datafield tag="650" ind1=" " ind2="4">
    <subfield code="a">Administraci&#xF3;n de justicia</subfield>
    <subfield code="z">Rep&#xFA;blica Dominicana</subfield>
  </datafield>
  <datafield tag="650" ind1=" " ind2="4">
    <subfield code="a">Leyes</subfield>
    <subfield code="z">Rep&#xFA;blica Dominicana</subfield>
  </datafield>
  <datafield tag="910" ind1=" " ind2=" ">
    <subfield code="a">VMateo V. Control de calidad. EBPMSU</subfield>
  </datafield>
  <datafield tag="942" ind1=" " ind2=" ">
    <subfield code="2">ddc</subfield>
    <subfield code="c">BK</subfield>
  </datafield>
  <datafield tag="952" ind1=" " ind2=" ">
    <subfield code="0">0</subfield>
    <subfield code="1">0</subfield>
    <subfield code="2">ddc</subfield>
    <subfield code="4">0</subfield>
    <subfield code="7">0</subfield>
    <subfield code="8">CD</subfield>
    <subfield code="a">BPMET</subfield>
    <subfield code="b">BPMET</subfield>
    <subfield code="d">2025-06-06</subfield>
    <subfield code="l">0</subfield>
    <subfield code="o">BPMSU CD 348.729302 R426c 1998</subfield>
    <subfield code="p">BPMSU25060018</subfield>
    <subfield code="r">2025-06-06</subfield>
    <subfield code="w">2025-06-06</subfield>
    <subfield code="y">BK</subfield>
  </datafield>
  <datafield tag="999" ind1=" " ind2=" ">
    <subfield code="c">15132</subfield>
    <subfield code="d">15132</subfield>
  </datafield>
</record>
